Abroad Sisters Quiz Stats

 Plays Quiz not verified by Sporcle

Challenge
Share
Tweet
Score 0/18 Timer 01:00
0 Plays Today
Hint Answer % Correct
Rio de Janeiro, Brasil Janine Berger
80%
London, EnglandKim Vidal
80%
Copenhagen, DenmarkKatherin Sibel
66.7%
Istanbul, TurkeySarah Jarecki
60%
London, EnglandAnjuli Gidwani
60%
Rio de Janeiro, BrasilAlika Neshwar
60%
London, EnglandAndrea Ortiz
60%
Cape Town, South AfricaShannon Trudge
60%
Nairobi, KenyaAminata Seck
53.3%
Hint Answer % Correct
Paris, FranceGracie Goldberg
53.3%
Brussells, BelgiumVictoria Lianne
46.7%
Rabat, MorroccoSteph Petit
46.7%
Paris, FranceSimonne Brousseau
46.7%
Hong Kong Asha Pradhan
40%
Beijing, ChinaHana Park
33.3%
London, EnglandJackie Breur
33.3%
Berlin, GermanyLeah Scheunemann
26.7%
Santiago, ChileSaba Katouzian
20%

You're not logged in!

Compare scores with friends on all Sporcle quizzes.
Join for Free
OR
Log In

You Might Also Like...

Show Comments

Extras

Created Jan 5, 2014ReportNominate
Tags:abroad, sister, spring

Top Quizzes Today


Score Distribution

Your Account Isn't Verified!

In order to create a playlist on Sporcle, you need to verify the email address you used during registration. Go to your Sporcle Settings to finish the process.

Report this User

Report this user for behavior that violates our Community Guidelines.

Details: